Biochemistry /

Na minha lista:
Detalhes bibliográficos
Autor principal: Stryer, Lubert (Author)
Formato: Livro
Idioma:inglês
Publicado em: New York : W.H.Freeman, 1988
Edição:3.Edition
Tags: Adicionar Tag
Sem tags, seja o primeiro a adicionar uma tag!

MARC

LEADER 00000nam a22000003a 4500
001 stu19031
005 20150617225756.4
008 920626s1988----xxu-----------------eng-d
020 |a 0-7167-1920-7 
040 |a STU  |b slo 
041 0 |a eng 
044 |a xxu 
080 |a 577.1 
100 1 |a Stryer, Lubert  |4 aut 
245 1 |a Biochemistry /  |c [aut.]Stryer,Lubert 
250 |a 3.Edition 
260 |a New York :  |b W.H.Freeman,  |c 1988 
300 |a 1089 s :  |b Obr.,tab.,grafy,index 
996 |b C89881  |c C*89881  |l CCXI  |s P  |a 0  |w stu19031_0001 
996 |b C91344  |c C*91344  |l CCXI  |s P  |a 0  |w stu19031_0002